Leden Heerendispuut FUBAR - Statistieken

Algemene statistieken
  • Deze quiz is 104 keer genomen
    40 sinds de laatste reset
  • De gemiddelde score is 22 van 129
Antwoordstatistieken
Hint Antwoord % Correct
77 Arthur Visser
50%
16 65 Frank van der Hoek
50%
82 Huub van Wieren
50%
80 Ivar Stokvis
50%
73 Jasper Gerth
50%
93 Jelle Korbee
50%
21 86 Jesse van Wieren
50%
85 Jordi Agricola
50%
19 79 Jurre Klaassen
50%
92 Luuk Nijs
50%
66 Milton Tsie
50%
88 Niklas Meyknecht
50%
91 Reinoud Mulder
50%
23 94 Siep ten Thije
50%
89 Thory Dassen
50%
19 André Zandvliet
25%
20 83 Arend Klück
25%
22 90 Aron Vossebeld
25%
Oer Bart Gehner
25%
52 Edwin Grobbink
25%
98 Eki Liptiay
25%
26 104 Frank Messelink
25%
Frans Jansen
25%
64 Gerben Groeneveld
25%
105 Gijs van Kampen
25%
41 Guido Kok
25%
119 Guus Weterings
25%
112 Huub Nibbeling
25%
17 69 Huub Smit
25%
24 99 Jarah Kessler
25%
113 Jeroen Oudenampsen
25%
68 Jeroen van Beuningen
25%
28 115 Joppe Visser
25%
100 Joris van Lierop
25%
27 110 Jorrit de Vreese
25%
96 Jurre van Sijpveld
25%
116 Kasper Baars
25%
111 Koen Kleine
25%
87 Koen Poortema
25%
7 30 Koen van 't Sant
25%
117 Lex van Gastel
25%
30 122 Luca Scipio
25%
108 Lukas Wery
25%
84 Maarten Buitelaar
25%
Mark van Koningsveld
25%
70 Mark Vroling
25%
97 Marnick Plomp
25%
78 Mathijs Fitski
25%
71 Max Thijssen
25%
109 Milan Mooij
25%
12 49 Nico Nijenhuis
25%
120 Niels Hartmans
25%
2 6 Ralph Marissen
25%
25 102 Rick Koetzier
25%
81 Rick Oosterhoff
25%
103 Rik van de Haterd
25%
18 74 Roel Swart
25%
106 Sam Wille
25%
107 Sybren Louwsma
25%
Ties Hoomans
25%
72 Tijs Booij
25%
29 118 Tim Dijkstra
25%
Toon Moors
25%
67 Tycho Brug
25%
121 Tycho Hofsteenge
25%
76 Ward Holleman
25%
101 Wessel van Dijk
25%
10 Willem Jansen
25%
114 Wout Buitenhuis
25%
95 Wouter Koning
25%
75 Xander Stegehuis
25%
8 Alexander Idema
0%
9 40 André Boekhorst
0%
54 Arjan Dijsselhof
0%
17 Bastiaan Beens
0%
23 Bernhard Krepel
0%
44 Bob van der Klaauw
0%
31 Bouke Bruseker
0%
4 18 Branko Adriaanse
0%
15 60 Dennis Huiberts
0%
24 Dennis van 't Ende
0%
46 Erik Koene
0%
16 Florian Sterk
0%
3 Floris te Lintelo
0%
47 Frank Gielen
0%
61 Friso Heslinga
0%
5 Gerbrand Klijn
0%
28 Jaap Kautz
0%
7 Jan-Ivo Blankestijn
0%
6 27 Jan Peter Beekman
0%
9 Jan Teun Koningen
0%
57 Jarne Slot
0%
55 Jasper Broer
0%
10 45 Jeroen Bal
0%
15 Jeroen Rietjens
0%
22 Joost Breder
0%
20 Joost van Oostwijk
0%
1 4 Jos Meuleman
0%
42 Kees Mellema
0%
14 58 Klaas Witjes
0%
13 56 Koos van Adrichem
0%
25 Leon de Jonge
0%
51 Leon Kerver
0%
43 Maarten de Vreeze
0%
32 Maarten ter Huurne
0%
14 Maarten van Boekel
0%
53 Martijn Driesprong
0%
11 48 Michiel Dieperink
0%
Michiel Oosterhaven
0%
11 Niels Nieboer
0%
8 36 Olaf Kok
0%
Paul van der Wielen
0%
39 Paul Zuurbier
0%
13 Peter Scholten
0%
3 12 Robert Jonkers
0%
59 Robin Breeuwer
0%
26 Rogier Brand
0%
35 Rogier de Vries
0%
63 Roy Overbeek
0%
37 Ruben Blair
0%
2 Rutger Wierda
0%
62 Stephan de Louw
0%
1 Sven Jense
0%
50 Thijs Nijboer
0%
38 Toon van den Bos
0%
33 Wilger van der Beek
0%
29 Willem Glasbergen
0%
5 21 Willem-Jan Toebes
0%
34 Wouter Heetman
0%
Geen overeenkomende quizzen gevonden
Scoreverdeling
Procent van Mensen met Elke Score
Percentiel versus Aantal Correcte Antwoorden
Uw Scoregeschiedenis
U heeft deze quiz nog niet genomen sinds de laatste reset